Państwa z włoską diasporą - Statystyki

Ogólne statystyki
  • Ten quiz został rozwiązany 2 133 razy
  • Średni wynik to 15 z 20
Statystyki odpowiedzi
Liczba
osób
% Państwo % Poprawnych
18 mln 5,1 Stany Zjednoczone
98%
5,5 mln 8 Francja
96%
0,26 mln 0,5 Hiszpania
93%
1 mln 1,2 Niemcy
93%
1,5 mln 3,8 Kanada
91%
32 mln 15,1 Brazylia
90%
25 mln 54,6 Argentyna
88%
0,85 mln 0,6 Meksyk
87%
0,5 mln 0,7 Wielka Brytania
87%
0,53 mln 5,9 Szwajcaria
85%
2 mln 3,8 Kolumbia
79%
0,66 mln 3,3 Chile
78%
0,5 mln 1,5 Peru
76%
1 mln 3,7 Australia
75%
5 mln 17,6 Wenezuela
75%
1,5 mln 44,3 Urugwaj
72%
2,5 mln 35,9 Paragwaj
69%
0,45 mln 3,8 Belgia
56%
0,38 mln 7,4 Kostaryka
29%
0,3 mln 2,6 Dominikana
27%
Nie znaleziono quizów pasujących do podanych kryteriów
Rozkład punktacji
Procent ludzi z każdym wynikiem
Percentyl według liczby udzielonych odpowiedzi
Twoja historia wyników
Nie rozwiązałeś tego quizu